Joueur ayant mis plus de 10 buts en Coupe du Monde - Mort subite - Statistiques

Statistiques générales
  • Ce quiz a été pris 457 fois
  • Le résultat moyen est 5 sur 10
Answers on the Grid
Answers color-coded by a green-red scale on the quiz's grid according to % correct below.
Cristiano Ronaldo
David Villa
Diego Maradona
Gabriel Batistuta
Gary Lineker
Gerd Müller
Harry Kane
Just Fontaine
Kylian Mbappé
Lionel Messi
Luis Suárez
Miroslav Klose
Neymar
Pelé
Roberto Baggio
Ronaldo
Thierry Henry
Thomas Müller
 
Statistiques - réponses
Réponse % Correct
13 Lionel Messi
69%
12 Kylian Mbappé
68%
16 Miroslav Klose
66%
13 Just Fontaine
63%
12 Pelé
60%
15 Ronaldo
51%
14 Gerd Müller
46%
10 Thomas Müller
34%
10 Gabriel Batistuta
13%
10 Gary Lineker
11%
Aucun quiz correspondant
Distribution des résultats
% des personnes avec chaque résultat
Percentile par nombre de réponses
Votre historique - résultats
Vous n’avez pas pris ce quiz